000 00396nam a2200169Ia 4500
008 230524s9999 xx 000 0 und d
020 _a9780070702769
082 _a624.171
_bRED
100 _aC.S.Reddy
245 0 _aBasic Structural Analysis
250 _a3
260 _aNew Delhi
_bTMH
_c2015
300 _a"xix,838p;"
500 _aQuantity Number: 27
650 _aCivil
942 _cBK
999 _c55569
_d55569